[Event "67th Warsaw-ch B 2018"]
[Site "Warsaw"]
[Date "2018.11.12"]
[Round "1.1"]
[White "Radecki, Wojciech"]
[Black "Jaroszuk, Marcin"]
[Result "0-1"]
[WhiteElo "1798"]
[BlackElo "1341"]
[Annotator "NA"]
[PlyCount "158"]
[EventDate "2018.11.12"]
[EventCountry "POL"]
[SourceTitle "playchess.com"]
[Source "ChessBase"]
[SourceQuality "1"]

1. e4 e5 2. Nf3 Nc6 3. Bb5 a6 4. Ba4 d6 5. Nc3 Bd7 6. d3 Nf6 7. h3 Be7 8. Be3 b5 9. Bb3 Na5 10. g4 Nxb3 11. axb3 Bc6 12. g5 Nd7 13. Rg1 Nf8 14. Nd5 Ne6 15. Qd2 Bf8 16. Ke2 Bb7 17. d4 c6 18. Nc3 exd4 19. Nxd4 Nxd4+ 20. Qxd4 c5 21. Qd3 g6 22. Bf4 b4 23. Nd5 Bg7 24. Ra2 O-O 25. f3 Re8 26. c3 Bxd5 27. Qxd5 bxc3 28. bxc3 Bxc3 29. h4 Be5 30. Be3 Bd4 31. Bxd4 cxd4 32. Qxd4 d5 33. e5 Qb8 34. f4 Qxb3 35. Rb2 Qc4+ 36. Qxc4 dxc4 37. Rc1 Rec8 38. Rb4 a5 39. Ra4 Kf8 40. Rc3 Ke7 41. Ke3 Ke6 42. Ke4 Rc7 43. Kd4 Kf5 44. Rcxc4 Rxc4+ 45. Kxc4 Kxf4 46. Kd5+ Kf5 47. Kd4 Rd8+ 48. Kc4 Rc8+ 49. Kd4 Rd8+ 50. Kc4 Ra8 51. Kd5 Ra6 52. Kd4 Ra8 53. Kd5 Re8 54. Ra1 Rxe5+ 55. Kd6 Re6+ 56. Kd7 Ra6 57. Kc7 a4 58. Kb7 Ra5 59. Kb6 Ra8 60. Kb7 Re8 61. Rxa4 Re4 62. Ra5+ Kg4 63. Kc6 Kxh4 64. Kd6 Rf4 65. Ke7 Rf5 66. Ra1 Kxg5 67. Rg1+ Kh6 68. Kf8 g5 69. Kg8 Kg6 70. Ra1 h5 71. Kf8 g4 72. Ke7 Kg5 73. Kf8 h4 74. Kg7 g3 75. Rg1 Kg4 76. Kh6 h3 77. Rc1 g2 78. Rc8 Rf6+ 79. Kg7 Rf1 0-1

[Event "67th Warsaw-ch B 2018"]
[Site "Warsaw"]
[Date "2018.11.12"]
[Round "1.2"]
[White "Nocek, Dominik"]
[Black "Skladzien, Romuald"]
[Result "1/2-1/2"]
[WhiteElo "1319"]
[BlackElo "1780"]
[Annotator "NA"]
[PlyCount "88"]
[EventDate "2018.11.12"]
[EventCountry "POL"]
[SourceTitle "playchess.com"]
[Source "ChessBase"]
[SourceQuality "1"]

1. e4 c5 2. Nf3 e6 3. c3 d5 4. exd5 exd5 5. d4 Nf6 6. Bd3 Bd6 7. O-O O-O 8. Bg5 Bg4 9. Nbd2 cxd4 10. cxd4 Nc6 11. h3 Bh5 12. Qb1 Bg6 13. a3 Qb6 14. Be3 Rfe8 15. b4 Qc7 16. Nb3 Bf4 17. Bxf4 Qxf4 18. Bxg6 hxg6 19. Qc1 Qd6 20. Qb2 b6 21. Rfe1 Nd7 22. Rxe8+ Rxe8 23. Re1 Re6 24. Rxe6 Qxe6 25. Qd2 f6 26. Qe1 Kf7 27. Qxe6+ Kxe6 28. g4 a6 29. Nh4 Kf7 30. Kf1 Nf8 31. Ke2 Ne6 32. Ke3 Nf4 33. Kxf4 g5+ 34. Kg3 gxh4+ 35. Kxh4 Nd8 36. Kg3 Ne6 37. h4 g5 38. hxg5 fxg5 39. f3 Ke7 40. Kf2 Nf4 41. Nc1 Kd6 42. Ke3 Ng2+ 43. Kf2 Nf4 44. Ke3 Ng2+ 1/2-1/2

[Event "67th Warsaw-ch B 2018"]
[Site "Warsaw"]
[Date "2018.11.12"]
[Round "1.3"]
[White "Urbaniak, Karol"]
[Black "Tomczyk, Ryszard"]
[Result "1-0"]
[WhiteElo "1661"]
[BlackElo "1310"]
[Annotator "NA"]
[PlyCount "141"]
[EventDate "2018.11.12"]
[EventCountry "POL"]
[SourceTitle "playchess.com"]
[Source "ChessBase"]
[SourceQuality "1"]

1. e4 c5 2. Nf3 d6 3. d4 cxd4 4. Nxd4 g6 5. Nc3 Bg7 6. Bb5+ Bd7 7. Bxd7+ Nxd7 8. Be3 Ngf6 9. O-O Nc5 10. Qf3 a5 11. Rad1 Qc8 12. Bg5 Qg4 13. Bxf6 Qxf3 14. gxf3 Bxf6 15. Nd5 O-O 16. Nxf6+ exf6 17. Nb5 Rac8 18. Nxd6 Rc6 19. b3 Rb8 20. Rd5 b6 21. Rfd1 Ne6 22. Nc4 Kf8 23. Rd7 b5 24. Ne3 Ke8 25. Ra7 a4 26. bxa4 bxa4 27. Rxa4 Nf4 28. Kf1 Rbc8 29. Ra7 R6c7 30. Rxc7 Rxc7 31. c4 Rc5 32. Nd5 Nh5 33. Rc1 Kd7 34. Ke2 Ke6 35. Ke3 f5 36. Nf4+ Nxf4 37. Kxf4 f6 38. Ke3 g5 39. Kd4 Ra5 40. Rc2 Ra3 41. c5 Ra4+ 42. Kc3 fxe4 43. fxe4 Kd7 44. Kd3 Kc6 45. Ke3 Ra5 46. Kf3 h5 47. Kg3 Ra3+ 48. Kg2 Ra5 49. f3 Ra3 50. h3 Ra5 51. Kg3 Ra3 52. h4 Rd3 53. hxg5 fxg5 54. Rh2 g4 55. Rxh5 Rxf3+ 56. Kxg4 Ra3 57. Rh2 Rc3 58. Rd2 Rxc5 59. Kf4 Rh5 60. e5 Rh4+ 61. Kf5 Rh3 62. Kf6 Rf3+ 63. Ke7 Re3 64. e6 Rh3 65. Kf7 Rh7+ 66. Kg6 Re7 67. Kf6 Rh7 68. e7 Rh8 69. Kg7 Ra8 70. Kf7 Ra7 71. Kf8 1-0

[Event "67th Warsaw-ch B 2018"]
[Site "Warsaw"]
[Date "2018.11.12"]
[Round "1.4"]
[White "Nawalaniec, Adam"]
[Black "Wilczynski, Adam"]
[Result "1-0"]
[WhiteElo "1303"]
[BlackElo "1611"]
[Annotator "NA"]
[PlyCount "111"]
[EventDate "2018.11.12"]
[EventCountry "POL"]
[SourceTitle "playchess.com"]
[Source "ChessBase"]
[SourceQuality "1"]

1. e4 c5 2. Nf3 e6 3. d4 cxd4 4. Nxd4 a6 5. c4 Nf6 6. Nc3 Qc7 7. Be2 Bb4 8. f3 Nc6 9. Bg5 Qe5 10. Be3 Qc7 11. O-O Be7 12. Nb3 d6 13. a3 O-O 14. f4 b6 15. Qe1 Bb7 16. Qg3 Rfe8 17. f5 Ne5 18. Nd2 Rac8 19. Rf4 d5 20. exd5 exd5 21. cxd5 Bc5 22. Bxc5 Qxc5+ 23. Qf2 Qxf2+ 24. Kxf2 b5 25. Rd1 Nxd5 26. Nxd5 Bxd5 27. Rd4 Bb7 28. Nb3 f6 29. Na5 Ba8 30. Rd6 Be4 31. Rxa6 Rc2 32. Re6 Rb8 33. Ke3 Bxf5 34. Red6 Rxb2 35. Nc6 Nxc6 36. Rxc6 Rb3+ 37. Kf2 Rxa3 38. Bh5 g6 39. Bf3 Kg7 40. Rc7+ Kh6 41. g4 Bc2 42. Rdd7 Kg5 43. Rxc2 b4 44. Kg3 Rc3 45. h4+ Kh6 46. Re2 b3 47. Ree7 Rh8 48. Rb7 Rd3 49. Rf7 Rd6 50. Rxb3 g5 51. Rbb7 gxh4+ 52. Kxh4 Re6 53. Be4 f5 54. Bxf5 Rg6 55. g5+ Rxg5 56. Rxh7+ 1-0

[Event "67th Warsaw-ch B 2018"]
[Site "Warsaw"]
[Date "2018.11.12"]
[Round "1.5"]
[White "Fraczek, Lukasz"]
[Black "Krakowski, Romuald"]
[Result "1-0"]
[WhiteElo "1584"]
[BlackElo "1277"]
[Annotator "NA"]
[PlyCount "79"]
[EventDate "2018.11.12"]
[EventCountry "POL"]
[SourceTitle "playchess.com"]
[Source "ChessBase"]
[SourceQuality "1"]

1. e4 e6 2. Nc3 d5 3. exd5 exd5 4. Nf3 Nf6 5. Be2 Be7 6. O-O O-O 7. h3 c6 8. d4 Re8 9. Bd3 Bd6 10. Ne2 Qc7 11. c3 b6 12. Bg5 Ne4 13. Qc2 Ba6 14. Rfe1 Bxd3 15. Qxd3 Nd7 16. Bh4 h6 17. Nd2 Re6 18. Bg3 Rae8 19. Bxd6 Qxd6 20. Nxe4 Rxe4 21. Qd2 Qe7 22. Kf1 Nf6 23. Ng3 Rxe1+ 24. Rxe1 Qxe1+ 25. Qxe1 Rxe1+ 26. Kxe1 g6 27. Kd2 Ne4+ 28. Nxe4 dxe4 29. c4 f5 30. Ke3 Kf7 31. b4 Ke6 32. h4 g5 33. hxg5 hxg5 34. g4 a6 35. a4 b5 36. axb5 axb5 37. c5 fxg4 38. Kxe4 Kf6 39. d5 cxd5+ 40. Kxd5 1-0

[Event "67th Warsaw-ch B 2018"]
[Site "Warsaw"]
[Date "2018.11.13"]
[Round "2.1"]
[White "Jaroszuk, Marcin"]
[Black "Urbaniak, Karol"]
[Result "1-0"]
[WhiteElo "1341"]
[BlackElo "1661"]
[Annotator "NA"]
[PlyCount "105"]
[EventDate "2018.11.12"]
[EventCountry "POL"]
[SourceTitle "playchess.com"]
[Source "ChessBase"]
[SourceQuality "1"]

1. Nf3 Nf6 2. g3 g6 3. Bg2 d5 4. O-O Bg7 5. d4 c6 6. c4 O-O 7. Nc3 Nbd7 8. Nd2 Nb6 9. cxd5 cxd5 10. b3 Ne4 11. Ndxe4 dxe4 12. Nxe4 Bxd4 13. Bh6 Bg7 14. Bxg7 Kxg7 15. Rc1 Bd7 16. Nc5 Bc6 17. Nxb7 Qxd1 18. Rfxd1 Bxg2 19. Kxg2 Rac8 20. e4 Rxc1 21. Rxc1 Rc8 22. Rxc8 Nxc8 23. f4 f6 24. g4 e5 25. fxe5 fxe5 26. h4 h6 27. Kf3 Kf6 28. Ke3 Ke6 29. Kd3 Kd7 30. Kc4 Ne7 31. Na5 g5 32. hxg5 hxg5 33. Kd3 Ng8 34. Nc4 Ke6 35. Ke3 Nf6 36. Kf3 Nd7 37. Nb2 Kd6 38. Nd3 Nc5 39. Nxc5 Kxc5 40. Ke3 Kb4 41. Kd3 Ka3 42. Kc4 Kxa2 43. b4 Ka3 44. Kb5 Kb3 45. Kc5 Ka4 46. Kc4 a6 47. Kc5 Kb3 48. b5 a5 49. b6 a4 50. b7 a3 51. b8=Q+ Kc2 52. Kd5 a2 53. Qxe5 1-0

[Event "67th Warsaw-ch B 2018"]
[Site "Warsaw"]
[Date "2018.11.14"]
[Round "3.1"]
[White "Wiktorowski, Janusz"]
[Black "Kwiek, Janusz"]
[Result "0-1"]
[WhiteElo "1447"]
[BlackElo "1580"]
[Annotator "NA"]
[PlyCount "106"]
[EventDate "2018.11.12"]
[EventCountry "POL"]
[SourceTitle "playchess.com"]
[Source "ChessBase"]
[SourceQuality "1"]

1. d4 Nf6 2. c4 e6 3. Nf3 b6 4. Bg5 Be7 5. Nc3 Bb7 6. e3 Ne4 7. Bxe7 Qxe7 8. Bd3 Nxc3 9. bxc3 O-O 10. O-O d6 11. Qc2 g6 12. Be4 c6 13. Qe2 Nd7 14. h3 f5 15. Bc2 Nf6 16. e4 fxe4 17. Bxe4 Nxe4 18. Qxe4 Qf6 19. Rfe1 Rae8 20. Qc2 c5 21. d5 exd5 22. Rxe8 Rxe8 23. Qa4 Re7 24. Qxa7 dxc4 25. Qxb6 Kg7 26. Rd1 Bxf3 27. gxf3 Re6 28. Qc7+ Kh6 29. Qc6 Qxc3 30. Qd5 Re1+ 31. Kg2 Rxd1 32. Qxd1 Qe5 33. a4 c3 34. a5 Qd4 35. Qc2 Qd2 36. Qe4 Qg5+ 37. Kf1 Qc1+ 38. Kg2 Qg5+ 39. Kf1 d5 40. Qc2 d4 41. a6 Qe7 42. Qd3 Qa7 43. Kg2 c2 44. Qxc2 Qxa6 45. Qxc5 Qf6 46. Qc2 Qf5 47. Qe4 d3 48. Qh4+ Qh5 49. Qxh5+ Kxh5 50. Kf1 Kh4 51. Ke1 Kxh3 52. Kd2 Kg2 53. Kxd3 Kxf3 0-1

[Event "67th Warsaw-ch B 2018"]
[Site "Warsaw"]
[Date "2018.11.14"]
[Round "3.2"]
[White "Socko, Weronika"]
[Black "Jaroszuk, Marcin"]
[Result "1-0"]
[WhiteElo "1570"]
[BlackElo "1341"]
[Annotator "NA"]
[PlyCount "57"]
[EventDate "2018.11.12"]
[EventCountry "POL"]
[SourceTitle "playchess.com"]
[Source "ChessBase"]
[SourceQuality "1"]

1. d4 e6 2. c4 f5 3. Nf3 Nf6 4. Nc3 Bb4 5. a3 Bxc3+ 6. bxc3 O-O 7. e3 b6 8. Be2 Bb7 9. a4 d6 10. a5 Qe8 11. Qb3 Nbd7 12. axb6 axb6 13. Rxa8 Bxa8 14. h4 Kh8 15. h5 e5 16. h6 g6 17. Ba3 Rf7 18. Ng5 Re7 19. c5 bxc5 20. dxc5 Nxc5 21. Bxc5 dxc5 22. Bc4 Bxg2 23. Rh2 Qa8 24. Rxg2 Qxg2 25. Nf7+ Rxf7 26. Qb8+ Ng8 27. Bxf7 Qg1+ 28. Ke2 Qg4+ 29. Kd2 1-0

[Event "67th Warsaw-ch B 2018"]
[Site "Warsaw"]
[Date "2018.11.14"]
[Round "3.3"]
[White "Muck, Piotr"]
[Black "Nawalaniec, Adam"]
[Result "1-0"]
[WhiteElo "1457"]
[BlackElo "1303"]
[Annotator "NA"]
[PlyCount "119"]
[EventDate "2018.11.12"]
[EventCountry "POL"]
[SourceTitle "playchess.com"]
[Source "ChessBase"]
[SourceQuality "1"]

1. d4 d5 2. Nf3 Bf5 3. c4 e6 4. Nc3 Bb4 5. Bg5 f6 6. Bh4 Ne7 7. e3 Nbc6 8. Bd3 O-O 9. O-O Bxd3 10. Qxd3 Bxc3 11. Qxc3 Nf5 12. Bg3 Nd6 13. cxd5 Ne4 14. Qb3 exd5 15. Qxb7 Nxg3 16. hxg3 Na5 17. Qa6 Nc4 18. b3 Nd6 19. Rac1 Rf7 20. Rc2 f5 21. Ne5 Rf6 22. Rfc1 Rh6 23. Rxc7 Qe8 24. Rxa7 Rxa7 25. Qxa7 Qh5 26. Qa8+ Ne8 27. Qxd5+ Kf8 28. Qc5+ Nd6 29. Kf1 Qh1+ 30. Ke2 Qxg2 31. Nf3 Qh3 32. Qe5 Qh5 33. Rc7 Qg6 34. Qe7+ Kg8 35. Qd8+ Ne8 36. Ne5 Qa6+ 37. Kf3 Re6 38. Re7 Rxe7 39. Qxe7 Qa8+ 40. Ke2 Qxa2+ 41. Kf1 Qa1+ 42. Kg2 Qa8+ 43. Kh2 Nf6 44. Qe6+ Kh8 45. Qxf5 Qb7 46. Qe6 h6 47. Ng6+ Kh7 48. Nf8+ Kh8 49. Ng6+ Kh7 50. Ne5 Qe4 51. Qf7 Qc2 52. Kg2 Qe4+ 53. Nf3 Qd3 54. Qe6 Qc2 55. Nh4 Ne4 56. Qf5+ Kg8 57. Ng6 Qb1 58. Ne7+ Kh8 59. Qf8+ Kh7 60. Qg8# 1-0

[Event "67th Warsaw-ch B 2018"]
[Site "Warsaw"]
[Date "2018.11.14"]
[Round "3.5"]
[White "Nocek, Dominik"]
[Black "Kwiecinski, Rafal"]
[Result "0-1"]
[WhiteElo "1319"]
[BlackElo "1529"]
[Annotator "NA"]
[PlyCount "110"]
[EventDate "2018.11.12"]
[EventCountry "POL"]
[SourceTitle "playchess.com"]
[Source "ChessBase"]
[SourceQuality "1"]

1. e4 c5 2. Nf3 Nc6 3. c3 Nf6 4. e5 Nd5 5. d4 cxd4 6. cxd4 e6 7. Nc3 Qa5 8. Bd2 Bb4 9. Nxd5 Bxd2+ 10. Qxd2 Qxd5 11. Be2 d6 12. exd6 Qxd6 13. O-O O-O 14. Rac1 Bd7 15. Rfd1 Nb4 16. a3 Nd5 17. Bf1 f6 18. g3 Rf7 19. Bg2 Raf8 20. Qc2 b6 21. Nd2 Bb5 22. Ne4 Qd7 23. Nc3 Bc6 24. Nxd5 Bxd5 25. Bxd5 Qxd5 26. Qc4 Qxc4 27. Rxc4 Rd7 28. Rdc1 Rfd8 29. Rc7 Kf7 30. Kf1 Ke7 31. Ke2 Kd6 32. R7c6+ Kd5 33. Ke3 e5 34. dxe5 Kxe5 35. R1c3 h6 36. Rc7 Kf5 37. Kf3 h5 38. b4 g5 39. h3 Rd3+ 40. Kg2 R3d7 41. Kf3 Rxc7 42. Rxc7 Rd3+ 43. Kg2 Rxa3 44. Rc4 a5 45. g4+ hxg4 46. hxg4+ Kg6 47. bxa5 bxa5 48. Rc8 Ra1 49. Rc7 Ra4 50. f3 Ra1 51. Ra7 a4 52. Kf2 a3 53. Kg2 a2 54. Kf2 Rh1 55. Rxa2 Rh2+ 0-1

[Event "67th Warsaw-ch B 2018"]
[Site "Warsaw"]
[Date "2018.11.15"]
[Round "4"]
[White "Skladzien, Romuald"]
[Black "Nawalaniec, Adam"]
[Result "1-0"]
[WhiteElo "1780"]
[BlackElo "1303"]
[Annotator "NA"]
[PlyCount "131"]
[EventDate "2018.11.12"]
[EventCountry "POL"]
[SourceTitle "playchess.com"]
[Source "ChessBase"]
[SourceQuality "1"]

1. d4 d5 2. c4 e6 3. Nc3 Bb4 4. Nf3 Nc6 5. e3 Nf6 6. Be2 Bd7 7. O-O O-O 8. Qc2 Qe7 9. Bd2 Ne8 10. e4 Bxc3 11. Bxc3 dxe4 12. Qxe4 Nd6 13. Qc2 f5 14. Rfe1 Qf7 15. Rad1 Rae8 16. Bd3 Qh5 17. Ne5 Nxe5 18. dxe5 Nc8 19. Bxf5 Rxf5 20. Rxd7 Nb6 21. Rd4 Rg5 22. f4 Rf5 23. Qe2 Qf7 24. Bd2 Qe7 25. a3 c5 26. Rd6 Nc8 27. Rd3 Rd8 28. Rxd8+ Qxd8 29. Be3 b6 30. Rd1 Qc7 31. Qd3 Rf7 32. Qd8+ Qxd8 33. Rxd8+ Rf8 34. Rxf8+ Kxf8 35. Kf2 Ke7 36. Kf3 Kf7 37. Ke4 Ne7 38. g4 g6 39. b4 cxb4 40. axb4 Nc6 41. b5 Nb4 42. c5 Nd5 43. cxb6 Nxb6 44. f5 Nd5 45. Bd4 Ke7 46. f6+ Kf7 47. Kd3 Nb6 48. Kc3 Nd7 49. Kc4 Ke8 50. Kb4 Kd8 51. Ka5 Kc7 52. Ka6 h5 53. gxh5 gxh5 54. Kxa7 Kd8 55. b6 Kc8 56. b7+ Kd8 57. b8=Q+ Nxb8 58. Kxb8 Ke8 59. Kc7 Kf8 60. Kd7 Kf7 61. Bc5 Kg8 62. Kxe6 Kh7 63. f7 Kg6 64. f8=Q Kh7 65. Kf6 h4 66. Qg7# 1-0

[Event "67th Warsaw-ch B 2018"]
[Site "Warsaw"]
[Date "2018.11.15"]
[Round "4"]
[White "Kwiek, Janusz"]
[Black "Socko, Weronika"]
[Result "1/2-1/2"]
[WhiteElo "1580"]
[BlackElo "1570"]
[Annotator "NA"]
[PlyCount "110"]
[EventDate "2018.11.12"]
[EventCountry "POL"]
[SourceTitle "playchess.com"]
[Source "ChessBase"]
[SourceQuality "1"]

1. Nf3 d5 2. d4 e6 3. c4 Nf6 4. Nc3 Be7 5. Bg5 O-O 6. e3 c6 7. Bd3 dxc4 8. Bxc4 Nd5 9. Bxe7 Qxe7 10. Rc1 Nd7 11. O-O N5b6 12. Bd3 e5 13. dxe5 Nxe5 14. Nxe5 Qxe5 15. Qc2 h6 16. Rcd1 Be6 17. b3 Rad8 18. Rd2 Nd5 19. Nxd5 Rxd5 20. Rfd1 Rfd8 21. Bh7+ Kh8 22. Rxd5 Rxd5 23. Rxd5 Bxd5 24. Bd3 Qa1+ 25. Bf1 Qe5 26. Qc5 Qb8 27. f3 b6 28. Qe7 c5 29. Bc4 Bxc4 30. bxc4 Kg8 31. Kf2 a6 32. f4 Qc8 33. a4 Qf5 34. Kf3 Qh5+ 35. Kf2 Qf5 36. Kf3 Qh5+ 37. Kf2 Qg6 38. e4 Qc6 39. Qd8+ Kh7 40. Qd5 Qxa4 41. Qxf7 Qc2+ 42. Ke3 Qc1+ 43. Ke2 Qc2+ 44. Ke3 Qc3+ 45. Ke2 Qc2+ 46. Ke3 Qxg2 47. e5 Qg1+ 48. Kf3 Qd1+ 49. Ke3 Qd4+ 50. Kf3 Qd1+ 51. Ke3 Qg1+ 52. Kf3 Qd1+ 53. Ke3 Qe1+ 54. Kf3 Qh1+ 55. Ke3 Qe1+ 1/2-1/2

[Event "67th Warsaw-ch B 2018"]
[Site "Warsaw"]
[Date "2018.11.15"]
[Round "4"]
[White "Kwiecinski, Rafal"]
[Black "Muck, Piotr"]
[Result "1-0"]
[WhiteElo "1529"]
[BlackElo "1457"]
[Annotator "NA"]
[PlyCount "51"]
[EventDate "2018.11.12"]
[EventCountry "POL"]
[SourceTitle "playchess.com"]
[Source "ChessBase"]
[SourceQuality "1"]

1. e4 c5 2. Bc4 e6 3. Qe2 Nc6 4. c3 g6 5. f4 Bg7 6. Nf3 Nge7 7. d3 d5 8. Bb3 dxe4 9. dxe4 O-O 10. Be3 b6 11. Nbd2 Qc7 12. O-O Bb7 13. Bc2 Rad8 14. Qf2 Ba6 15. Rfe1 Bd3 16. Bb3 Na5 17. Qh4 Nxb3 18. axb3 Nc6 19. Ng5 h6 20. Ngf3 f5 21. e5 Na5 22. Qg3 Qf7 23. Bxc5 Nxb3 24. Bxf8 Nxa1 25. Bxg7 Kxg7 26. Rxa1 1-0

[Event "67th Warsaw-ch B 2018"]
[Site "Warsaw"]
[Date "2018.11.15"]
[Round "4"]
[White "Jaroszuk, Marcin"]
[Black "Sloniewska, Alicja"]
[Result "1-0"]
[WhiteElo "1341"]
[BlackElo "1498"]
[Annotator "NA"]
[PlyCount "79"]
[EventDate "2018.11.12"]
[EventCountry "POL"]
[SourceTitle "playchess.com"]
[Source "ChessBase"]
[SourceQuality "1"]

1. Nf3 d5 2. g3 Nf6 3. Bg2 Bf5 4. O-O e6 5. d4 Be7 6. c4 c6 7. Nc3 O-O 8. Nh4 Bg4 9. h3 Bh5 10. Qb3 Qc8 11. Bf4 Ne8 12. Nf3 Nd7 13. e4 dxc4 14. Qxc4 Nb6 15. Qb3 Nf6 16. Rac1 h6 17. Ne5 Nfd7 18. d5 Nc5 19. Qc2 f6 20. Ng4 Bxg4 21. hxg4 e5 22. Be3 Qxg4 23. dxc6 bxc6 24. Rfd1 Rac8 25. Kh2 Qh5+ 26. Bh3 g5 27. Qe2 Qxe2 28. Nxe2 Rc7 29. Bxc5 Bxc5 30. Rxc5 Na4 31. Rc2 Rb8 32. b3 Nb6 33. Rcd2 Kf7 34. Bf5 Ke7 35. g4 Rh8 36. Ng3 Rf8 37. Kg2 Rh8 38. Rd6 Rf8 39. Re6+ Kf7 40. Nh5 1-0

[Event "67th Warsaw-ch B 2018"]
[Site "Warsaw"]
[Date "2018.11.16"]
[Round "5"]
[White "Radecki, Wojciech"]
[Black "Krowicki, Przemyslaw"]
[Result "1-0"]
[WhiteElo "1798"]
[BlackElo "1122"]
[Annotator "NA RC"]
[PlyCount "83"]
[EventDate "2018.11.12"]
[EventCountry "POL"]
[SourceTitle "playchess.com"]
[Source "ChessBase"]
[SourceQuality "1"]

1. e4 c5 2. c4 Nc6 3. Nc3 g6 4. d3 Bg7 5. Nf3 e5 6. Nb5 d6 7. Bd2 Nge7 8. Qc1 O-O 9. Bh6 a6 10. Bxg7 Kxg7 11. Nc3 Nd4 12. Nxd4 cxd4 13. Ne2 Qa5+ 14. Qd2 Qxd2+ 15. Kxd2 Bd7 16. Rc1 Rac8 17. Ng3 f5 18. exf5 Nxf5 19. Ne4 Bc6 20. h4 Bxe4 21. dxe4 Ne7 22. f3 h6 23. Be2 Nc6 24. c5 dxc5 25. Rxc5 Nb4 26. Rhc1 Rxc5 27. Rxc5 d3 28. Bd1 Nc6 29. Ba4 Rc8 30. Bxc6 Rxc6 31. Rxc6 bxc6 32. Kxd3 Kf7 33. Kc4 Ke7 34. Kc5 Kd7 35. Kb6 Kd6 36. b4 a5 37. Kxa5 c5 38. b5 h5 39. b6 c4 40. Kb4 Kc6 41. Kxc4 Kxb6 42. Kd5 1-0

[Event "67th Warsaw-ch B 2018"]
[Site "Warsaw"]
[Date "2018.11.16"]
[Round "5"]
[White "Skladzien, Romuald"]
[Black "Kwiek, Janusz"]
[Result "1-0"]
[WhiteElo "1780"]
[BlackElo "1580"]
[Annotator "NA RC"]
[PlyCount "79"]
[EventDate "2018.11.12"]
[EventCountry "POL"]
[SourceTitle "playchess.com"]
[Source "ChessBase"]
[SourceQuality "1"]

1. d4 Nf6 2. c4 e6 3. Nc3 Bb4 4. Bg5 h6 5. Bh4 O-O 6. Nf3 b6 7. e3 Bb7 8. Be2 Be7 9. Qc2 d6 10. O-O Nbd7 11. Nd2 c5 12. dxc5 dxc5 13. h3 Ne5 14. Rad1 Qc8 15. Nde4 Qc6 16. Bxf6 Bxf6 17. f4 Nd7 18. Bf3 Qc7 19. Nb5 Qd8 20. Nxf6+ gxf6 21. Bxb7 Qe7 22. Bxa8 Rxa8 23. Qd3 Nf8 24. Qd6 Qb7 25. Qc7 Qxc7 26. Nxc7 Rc8 27. Nb5 a6 28. Nc3 f5 29. Rd6 Rb8 30. Rfd1 Kg7 31. a4 Kf6 32. Nd5+ Kg7 33. Nxb6 Ng6 34. a5 h5 35. Rd8 Rxd8 36. Rxd8 e5 37. g3 exf4 38. gxf4 Ne7 39. Rd6 h4 40. Nd5 1-0

[Event "67th Warsaw-ch B 2018"]
[Site "Warsaw"]
[Date "2018.11.16"]
[Round "5"]
[White "Socko, Weronika"]
[Black "Kwiecinski, Rafal"]
[Result "0-1"]
[WhiteElo "1570"]
[BlackElo "1529"]
[Annotator "NA RC"]
[PlyCount "82"]
[EventDate "2018.11.12"]
[EventCountry "POL"]
[SourceTitle "playchess.com"]
[Source "ChessBase"]
[SourceQuality "1"]

1. d4 f5 2. c4 Nf6 3. Nc3 c6 4. Nf3 e6 5. a3 Be7 6. e3 O-O 7. b4 d5 8. Bb2 Bd7 9. Be2 h6 10. cxd5 cxd5 11. Rc1 Bd6 12. Ne5 Bxe5 13. dxe5 Nh7 14. f4 Qe8 15. O-O a6 16. Qe1 g5 17. h4 g4 18. g3 Qd8 19. Bd3 Bc6 20. Ne2 Re8 21. Nd4 Qd7 22. Rc5 Nf8 23. Qc1 Qf7 24. b5 axb5 25. Bxb5 Nfd7 26. Rc3 Nb6 27. Nxc6 Nxc6 28. Rc5 Red8 29. Bxc6 bxc6 30. Rxc6 Nc4 31. Bd4 Qd7 32. Rc5 Qa4 33. Re1 Qxa3 34. Qb1 Qa6 35. Rd1 Rdb8 36. Qd3 Rb4 37. Qc3 Rab8 38. Kf2 Qa2+ 39. Rd2 Qxd2+ 40. Qxd2 Nxd2 41. Rc6 Ne4+ 0-1

[Event "67th Warsaw-ch B 2018"]
[Site "Warsaw"]
[Date "2018.11.16"]
[Round "5"]
[White "Muck, Piotr"]
[Black "Jaroszuk, Marcin"]
[Result "1-0"]
[WhiteElo "1457"]
[BlackElo "1341"]
[Annotator "NA RC"]
[PlyCount "53"]
[EventDate "2018.11.12"]
[EventCountry "POL"]
[SourceTitle "playchess.com"]
[Source "ChessBase"]
[SourceQuality "1"]

1. d4 e6 2. Nf3 f5 3. g3 Nf6 4. Bg2 Be7 5. O-O O-O 6. c4 d6 7. b3 Qe8 8. Nc3 a5 9. Ba3 Na6 10. Nb5 Qd8 11. Ne1 Ne4 12. Bb2 c6 13. Nc3 Nxc3 14. Bxc3 f4 15. Nd3 fxg3 16. fxg3 Bf6 17. e4 Qb6 18. c5 dxc5 19. e5 cxd4 20. Bd2 Be7 21. Qh5 Nc5 22. Rxf8+ Bxf8 23. Rf1 g6 24. Qf3 Qd8 25. Qf7+ Kh8 26. Bg5 Be7 27. Bxe7 1-0

[Event "67th Warsaw-ch B 2018"]
[Site "Warsaw"]
[Date "2018.11.17"]
[Round "6"]
[White "Socko, Weronika"]
[Black "Radecki, Wojciech"]
[Result "1-0"]
[WhiteElo "1570"]
[BlackElo "1798"]
[Annotator "NA RC"]
[PlyCount "211"]
[EventDate "2018.11.12"]
[EventCountry "POL"]
[SourceTitle "playchess.com"]
[Source "ChessBase"]
[SourceQuality "1"]

1. d4 d5 2. c4 e6 3. Nc3 Nf6 4. e3 b6 5. Nf3 Bb7 6. Be2 Be7 7. O-O O-O 8. a3 c5 9. dxc5 Bxc5 10. b4 Be7 11. cxd5 Nxd5 12. Nxd5 Qxd5 13. Bb2 Rd8 14. Qxd5 Bxd5 15. Rac1 Nd7 16. Bb5 Bf6 17. Bxf6 gxf6 18. Bc6 Bxc6 19. Rxc6 Rdc8 20. Rfc1 Rxc6 21. Rxc6 Kf8 22. Kf1 Ke8 23. Nd4 Ne5 24. Rc3 a5 25. b5 Kd7 26. f4 Ng6 27. Nc6 Nf8 28. Rd3+ Kc7 29. Rc3 Kd6 30. Nd4 Kd7 31. Rc6 Rb8 32. f5 e5 33. Nf3 Ke7 34. Nd2 Nd7 35. Ne4 Rd8 36. Ke2 h6 37. Nc3 Nc5 38. e4 Rd4 39. Nd5+ Kd8 40. Nxb6 Nxe4 41. Rc8+ Ke7 42. a4 Nd6 43. Rc7+ Ke8 44. Ra7 Nxf5 45. Rxa5 Re4+ 46. Kd3 Rd4+ 47. Ke2 Re4+ 48. Kd3 Rd4+ 49. Kc3 Nd6 50. Ra8+ Ke7 51. Ra7+ Ke6 52. Rc7 Rxa4 53. Rc6 Rd4 54. Nc8 f5 55. b6 Kd7 56. Rc7+ Kd8 57. Na7 Rd1 58. Nc6+ Ke8 59. Kc2 Rd5 60. Re7+ Kf8 61. Rxe5 Rxe5 62. Nxe5 Nb7 63. Kd3 Ke7 64. Kd4 Ke6 65. Nc4 h5 66. g3 f6 67. h4 Nd8 68. Na5 Kd6 69. b7 Ne6+ 70. Kc4 Kc7 71. Kd5 Nf8 72. Nc4 Kxb7 73. Nd6+ Kc7 74. Nxf5 Kd7 75. Ng7 Ke7 76. Nxh5 Kf7 77. Nf4 Nd7 78. Ke4 Ne5 79. Kf5 Nf3 80. h5 Nd4+ 81. Ke4 Nc6 82. Ng6 Nb4 83. Kf5 Nc6 84. g4 Nd4+ 85. Ke4 Ne6 86. Nf4 Nc5+ 87. Kf5 Nb3 88. Ne6 Na5 89. h6 Nc6 90. Nf4 Ne7+ 91. Ke4 Ng6 92. Nh5 Nh4 93. h7 Ng6 94. Kd5 Nh8 95. Nf4 Ke7 96. Ke4 Kf7 97. Kf5 Kg7 98. Ne6+ Kxh7 99. Kxf6 Ng6 100. Ng5+ Kh6 101. Nf7+ Kh7 102. g5 Nh4 103. Ne5 Kg8 104. Ng6 Ng2 105. Ne7+ Kf8 106. g6 1-0

[Event "67th Warsaw-ch B 2018"]
[Site "Warsaw"]
[Date "2018.11.17"]
[Round "6"]
[White "Muck, Piotr"]
[Black "Skladzien, Romuald"]
[Result "1-0"]
[WhiteElo "1457"]
[BlackElo "1780"]
[Annotator "NA"]
[PlyCount "107"]
[EventDate "2018.11.12"]
[EventCountry "POL"]
[SourceTitle "playchess.com"]
[Source "ChessBase"]
[SourceQuality "1"]

1. d4 d5 2. Nf3 Nf6 3. c4 e6 4. Nc3 Bb4 5. Bg5 O-O 6. e3 Nbd7 7. a3 Bxc3+ 8. bxc3 b6 9. cxd5 exd5 10. Bd3 Re8 11. O-O Nf8 12. Ne5 Qd6 13. Qf3 Bb7 14. Bxf6 Qxf6 15. Qxf6 gxf6 16. Nf3 Ne6 17. Nh4 Ng5 18. Nf5 Ne4 19. Rfc1 Nd6 20. Nxd6 cxd6 21. Bb5 Rec8 22. a4 Kf8 23. Kf1 Ke7 24. Ke2 h6 25. Kd2 Bc6 26. Ba6 Rc7 27. c4 Kd7 28. cxd5 Bxd5 29. Rxc7+ Kxc7 30. Rc1+ Kd8 31. f3 Rb8 32. e4 Bb3 33. Bb5 a6 34. Bxa6 Bxa4 35. Bc4 Ke7 36. Bd5 Be8 37. Rc7+ Kf8 38. Rb7 Rxb7 39. Bxb7 Ke7 40. Kc3 Bd7 41. Kb4 Be8 42. d5 Kd8 43. Ba6 Bd7 44. Bb5 Bc8 45. Kc4 Ke7 46. Kd4 Bb7 47. Ke3 Kf8 48. Kf4 Kg7 49. Kg4 Kg6 50. f4 Bc8+ 51. Kf3 h5 52. e5 dxe5 53. d6 f5 54. fxe5 1-0